000 00827nac a22002537a 4500
001 BR9603943
003 BR-BrBNA
005 20240105121759.0
008 230509b bl.|||m| |||| 00| 0 por d
040 _aBR-BrBNA
_bpor
_cBiblioteca Nacional de Agricultura
072 _aF06
090 _aF06 BR9603943
100 1 _aBernardo, S.
110 1 _aAssociacao dos Engenheiros Agricolas de Minas Gerais, Vicosa (Brasil)
_9584
245 1 _aDesenvolvimento e perspectiva da irrigacao no Brasil
260 3 _aVicosa, MG (Brasil):
_c1992.
300 _a14 p.
490 _aEngenharia na Agricultura. Serie Irrigacao e Drenagem (Brazil)
_vv. 1(14)
_x
500 _aSummaries (En, Pt)
650 _aIrrigacao
650 _aDesenvolvimento Agricola
909 _a202312
_bLúcia Elande
_c55
_dLúcia Elande
942 _2AGRIS
_n0
_cMS
999 _c287404
_d287404